[Event "Calgary March of Kings"]
[Site "Calgary"]
[Date "2010.03.06"]
[Round "3"]
[White "Holmstrom, Phil"]
[Black "Scholtz, Michael"]
[Result "1-0"]
[WhiteElo "1777"]
[BlackElo "1400"]
[PlyCount "85"]
[EventDate "2010.03.06"]
[EventType "swiss"]
[EventRounds "5"]
[EventCountry "CAN"]
[SourceTitle "EXT 2011"]
[Source "ChessBase"]
[SourceDate "2010.11.26"]
[SourceVersion "1"]
[SourceVersionDate "2010.11.26"]
[SourceQuality "1"]

1. e4 Nc6 2. g3 e5 3. Bg2 d6 4. c3 Bd7 5. d4 h6 6. Ne2 Qf6 7. 0-0 g5 8. b4 0-0-0 9. d5 Nb8 10. Be3 Bb5 11. a4 Bc4 12. Nd2 Bd3 13. Nb3 c6 14. Qxd3 Ne7 15. Bxa7 Rd7 16. Bh3 h5 17. Bxd7+ Nxd7 18. dxc6 Nxc6 19. Be3 h4 20. b5 Qf3 21. Nd2 Qg4 22. bxc6 bxc6 23. Qa6+ Kd8 24. Bb6+ Ke7 25. f3 Qh3 26. Rf2 hxg3 27. Nxg3 g4 28. fxg4 Qxg4 29. Qc8 Bg7 30. Qxc6 Bh6 31. Raf1 Bf4 32. Rg2 Rxh2 33. Nf5+ Qxf5 34. exf5 Rxg2+ 35. Qxg2 Nxb6 36. a5 Be3+ 37. Kh1 Nd7 38. Nc4 Bc5 39. Qb7 f6 40. Nb6 Bxb6 41. axb6 d5 42. Rg1 Kd6 43. Qc7+ 1-0

[Event "Calgary March of Kings"]
[Site "Calgary"]
[Date "2010.03.06"]
[Round "2"]
[White "Scholtz, Michael"]
[Black "Todd, Adie"]
[Result "1/2-1/2"]
[WhiteElo "1400"]
[BlackElo "1692"]
[PlyCount "51"]
[EventDate "2010.03.06"]
[EventType "swiss"]
[EventRounds "5"]
[EventCountry "CAN"]
[SourceTitle "EXT 2011"]
[Source "ChessBase"]
[SourceDate "2010.11.26"]
[SourceVersion "1"]
[SourceVersionDate "2010.11.26"]
[SourceQuality "1"]

1. Nf3 d5 2. d4 Nf6 3. Nc3 Bf5 4. e3 e6 5. a3 c5 6. Bb5+ Nc6 7. 0-0 Bd6 8. Re1 0-0 9. Bxc6 bxc6 10. Nh4 Be4 11. g3 e5 12. dxc5 Bxc5 13. Nxe4 Nxe4 14. Qg4 Qf6 15. Rf1 Qg5 16. h3 Qxg4 17. hxg4 Nf6 18. b4 Bb6 19. g5 Ne4 20. Nf3 Rfe8 21. Bb2 Bc7 22. Rad1 f6 23. gxf6 Nxf6 24. Kg2 Ng4 25. Rh1 Rf8 26. Rdf1 1/2-1/2